Speaking of summer / Kalisha Buckhanon.
Available copies
- 1 of 1 copy available at LARL/NWRL Consortium.
- 1 of 1 copy available at Lake Agassiz Regional Library. (Show preferred library)
Current holds
0 current holds with 1 total copy.
Show Only Available Copies
| Location | Call Number / Copy Notes | Barcode | Shelving Location | Status | Due Date |
|---|---|---|---|---|---|
| Moorhead Public Library | BUC (Text) | 33500013108709 | Main | Available | - |
Record details
- ISBN: 9781640091917
- ISBN: 1640091912
- Physical Description: 294 pages ; 24 cm
- Edition: First hardcover edition.
- Publisher: Berkeley, California : Counterpoint, 2019.
- Copyright: ©2019
Content descriptions
| Summary, etc.: | "On a cold December evening, Autumn Spencer's twin ... Read More |
Search for related items by subject
| Genre: | Fiction. Psychological fiction. Thrillers (Fiction) |
| LDR | 02552cam a22005418i 4500 | ||
|---|---|---|---|
| 001 | 325677 | ||
| 003 | LARL_NWRL_CONSORTIUM | ||
| 005 | 20190801154222.0 | ||
| 008 | 181129t20192019cau 000 1 eng | ||
| 010 | . | ‡a 2018052245 | |
| 040 | . | ‡aDLC ‡beng ‡erda ‡cDLC ‡dOCLCO ‡dOCLCQ ‡dOCLCF ‡dBYN ‡dIH9 ‡dNZAUC ‡dTCH ‡dKAA | |
| 020 | . | ‡a9781640091917 ‡q(hardcover) | |
| 020 | . | ‡a1640091912 ‡q(hardcover) | |
| 035 | . | ‡a(OCoLC)1050336826 | |
| 042 | . | ‡apcc | |
| 082 | 0 | 0. | ‡a813/.6 ‡223 |
| 084 | . | ‡aFIC019000 ‡aFIC049000 ‡2bisacsh | |
| 100 | 1 | . | ‡aBuckhanon, Kalisha, ‡d1977- ‡eauthor. |
| 245 | 1 | 0. | ‡aSpeaking of summer / ‡cKalisha Buckhanon. |
| 250 | . | ‡aFirst hardcover edition. | |
| 264 | 1. | ‡aBerkeley, California : ‡bCounterpoint, ‡c2019. | |
| 264 | 4. | ‡c©2019 | |
| 300 | . | ‡a294 pages ; ‡c24 cm | |
| 336 | . | ‡atext ‡btxt ‡2rdacontent | |
| 337 | . | ‡aunmediated ‡bn ‡2rdamedia | |
| 338 | . | ‡avolume ‡bnc ‡2rdacarrier | |
| 520 | . | ‡a"On a cold December evening, Autumn Spencer's twin sister Summer walks to the roof of their shared Harlem brownstone and is never seen again, the door to the roof is locked, and no footsteps are found. Faced with authorities indifferent to another missing woman, Autumn must pursue answers on her own, all while grieving her mother's recent death. With her friends and neighbors, Autumn pretends to hold up through the crisis. She falls into an affair with Summer's boyfriend to cope with the disappearance of a woman they both loved. But the loss becomes too great, the mystery too inexplicable, and Autumn starts to unravel, all the while becoming obsessed with murdered women and the men who kill them."-- ‡cProvided by publisher. | |
| 650 | 0. | ‡aSisters ‡vFiction. ‡0(LARL_NWRL_CONSORTIUM)167281 | |
| 650 | 0. | ‡aTwins ‡vFiction. ‡0(LARL_NWRL_CONSORTIUM)167632 | |
| 650 | 0. | ‡aMissing persons ‡vFiction. ‡0(LARL_NWRL_CONSORTIUM)165976 | |
| 650 | 0. | ‡aBereavement ‡vFiction. ‡0(LARL_NWRL_CONSORTIUM)163685 | |
| 650 | 0. | ‡aObsessive-compulsive disorder ‡vFiction. ‡0(LARL_NWRL_CONSORTIUM)173782 | |
| 650 | 7. | ‡aFICTION / Thrillers / Crime. ‡2bisacsh | |
| 650 | 7. | ‡aFICTION / Literary. ‡2bisacsh | |
| 650 | 7. | ‡aFICTION / Psychological. ‡2bisacsh | |
| 650 | 7. | ‡aBereavement. ‡2fast ‡0(LARL_NWRL_CONSORTIUM)176411 | |
| 650 | 7. | ‡aMissing persons. ‡2fast ‡0(LARL_NWRL_CONSORTIUM)25890 | |
| 650 | 7. | ‡aSisters. ‡2fast ‡0(LARL_NWRL_CONSORTIUM)31054 | |
| 655 | 7. | ‡aFiction. ‡2fast | |
| 655 | 7. | ‡aPsychological fiction. ‡2lcgft | |
| 655 | 7. | ‡aThrillers (Fiction) ‡2lcgft | |
| 905 | . | ‡uvanderl | |
| 901 | . | ‡a325677 ‡b ‡c325677 ‡tbiblio ‡soclc | |

Add to basket
Permalink
Enable Highlighting